000 00336nam a2200121 a 4500
005 20140414131855.0
008 100901s19uu xx 00 eng d
050 _aFIL
_bM45 2009
100 _aMatias, Segundo
245 _aMay magic si inay! :
_bMommy knows magic!.
260 _aManila, Philippines :
_bLampara,
_c2009.
999 _c110431
_d110431